00503 a2200181 4500260002200000260001300022245003100035300001700066700001800083650004200101300002200143440004700165260000900212130000800221035001000229500006400239020001800303 aParis ; Bruxelles bDe Boeck aPréf. de Jean-Marie LEHN aXIX, 1432 p. aVOGEL, Pierre aChimie organique-Guides, manuel, etc. bill.,fig. ; 25 cm aChimie organique : Méthodes et modèles c1991 lFr. a13440 aComprend un index. - Bibliographie à la fin des chapitres a2-8041-2620-4